La guerra y el soldado / (Registro nro. 1885)

Detalles MARC
000 -LEADER
fixed length control field 00506nam a2200181 b 4500
001 - CONTROL NUMBER
control field bimo0000853060
003 - CONTROL NUMBER IDENTIFIER
control field SpMaBN
005 - DATE AND TIME OF LATEST TRANSACTION
control field 20171219182221.0
008 - FIXED-LENGTH DATA ELEMENTS--GENERAL INFORMATION
fixed length control field 980428s1941 sp | ||| ||spa
040 ## - CATALOGING SOURCE
Transcribing agency DO-SDBH
082 ## - DEWEY DECIMAL CLASSIFICATION NUMBER
Classification number 821.581
Item number H663 1941
100 1# - MAIN ENTRY--PERSONAL NAME
Personal name Ashihei, Hino
Relator term autor
245 13 - TITLE STATEMENT
Title La guerra y el soldado /
Statement of responsibility, etc. Ashihei Hino ; Lewis Bush ; José Lleonart
260 ## - PUBLICATION, DISTRIBUTION, ETC. (IMPRINT)
Place of publication, distribution, etc. Barcelona :
Name of publisher, distributor, etc. Juventud,
Date of publication, distribution, etc. 1941
300 ## - PHYSICAL DESCRIPTION
Extent 567 páginas.
650 ## - SUBJECT ADDED ENTRY--TOPICAL TERM
Topical term or geographic name as entry element Novela japonesa -- s. XX.
942 ## - ADDED ENTRY ELEMENTS (KOHA)
Source of classification or shelving scheme Dewey Decimal Classification
Koha item type Libros
Existencias
Withdrawn status Lost status Source of classification or shelving scheme Damaged status Not for loan Collection code Home library Current library Shelving location Date acquired Inventory number Total Checkouts Full call number Barcode Date last seen Copy number Price effective from Koha item type
    Dewey Decimal Classification     Colección General SIBM UNADE - Biblioteca Sede Central SIBM UNADE - Biblioteca Sede Central En estantería 12/19/2017 17-001299   821.581 H663 1941 17-001299 10/06/2018 Ej.1 12/19/2017 Libros
© Copyright 2016. Universidad Nacional para la Defensa.Todos los derechos reservados.

 

Designed & Maintained by: https://www.sibdweb.com.do
Sistema de Información & Bibliotecas (SIBD). Contact: pbrito2005@gmail.com